| 000 | 00558nam a2200133Ia 4500 | ||
|---|---|---|---|
| 008 | 170221s9999 xx 000 0 und d | ||
| 100 | _aDmitry V. Shkurkin | ||
| 245 | 4 | _aThe Republic of Kazakhstan in the System of International Regional Integration Associations | |
| 245 | _cDmitry V. Shkurkin, Sergey V. Ryazantsev, Nikolay P. Gusakov, Inna V. Andronova, Viktoriya V. Bolgova | ||
| 260 | _bInternational Review of Management and Marketing | ||
| 260 | _c2012 | ||
| 650 | _xMarketing. | ||
| 856 | _uhttp://www.econjournals.com/index.php/irmm/issue/view/86 | ||
| 999 |
_c310491 _d310491 |
||